000 01018nam a2200289 i 4500
001 13891
003 KOSZ 005
005 20190731111324.0
008 070608s1971 pl a f f 001 0 pol
015 _aPB 1971/7059
040 _aWA N
_cWA N
_dKOSZ 005/RW
080 _a517
100 1 _aGutowski, Roman
_d(1926-2001).
_eAutor
245 1 0 _aRównania różniczkowe zwyczajne /
_cRyszard Gutowski.
260 _aWarszawa :
_bWydawnictwa Naukowo-Techniczne,
_c1971.
300 _a597, [3] stron :
_bilustracje ;
_c25 cm.
336 _aTekst
_btxt
_2rdacontent
337 _aBez urządzenia pośredniczącego
_bn
_2rdamedia
338 _aWolumin
_bnc
_2rdacarrier
380 _aKsiążki.
504 _aBibliografia na stronach [591]-593. Indeks.
658 _aMatematyka
650 4 _aRównania różniczkowe
710 2 _aWydawnictwa Naukowo-Techniczne
_4pbl.
856 _uhttp://koha.tu.koszalin.pl/cgi-bin/koha/opac-detail.pl?biblionumber=13891
_yKatalog online BPK
942 _2UKD
_cKS
999 _c13891
_d13891